Publicación especial de la Sociedad Mexicana de Geografía y Estadística. (Record no. 4260)
[ view plain ]
| 000 -CABECERA | |
|---|---|
| campo de control de longitud fija | 01145nam a2200265 a 4500 |
| 001 - NÚMERO DE CONTROL | |
| campo de control | BRCA_4554 |
| 005 - FECHA Y HORA DE LA ÚLTIMA TRANSACCIÓN | |
| campo de control | 20190320204721.0 |
| 008 - DATOS DE LONGITUD FIJA--INFORMACIÓN GENERAL | |
| campo de control de longitud fija | 230910s1943----mx-b######---#000-0#spa-# |
| 041 ## - CÓDIGO DE LENGUA | |
| Código de lengua del texto/banda sonora o título independiente | spa |
| 044 ## - CÓDIGO DEL PAÍS DE LA ENTIDAD EDITORA/PRODUCTORA | |
| Código MARC del país | mx |
| 050 #4 - SIGNATURA TOPOGRÁFICA DE LA BIBLIOTECA DEL CONGRESO | |
| Número de clasificación | G62 |
| Número de documento/Ítem | .E87 1943 |
| 245 10 - MENCIÓN DE TÍTULO | |
| Título | Publicación especial de la Sociedad Mexicana de Geografía y Estadística. |
| 260 ## - PUBLICACIÓN, DISTRIBUCIÓN, ETC. | |
| Lugar de publicación, distribución, etc. | México |
| Nombre del editor, distribuidor, etc. | Sociedad Mexicana de Geografía y Estadística : Secretaría de Agricultura y Fomento : Instituto Panamericano de Geografía e Historia |
| Fecha de publicación, distribución, etc. | 1943 |
| 300 ## - DESCRIPCIÓN FÍSICA | |
| Extensión | 104 p. |
| Otras características físicas | il., mapas |
| Dimensiones | 29 cm. |
| 440 #0 - MENCIÓN DE SERIE/PUNTO DE ACCESO ADICIONAL--TÍTULO | |
| Título | Boletín de la Sociedad Mexicana de Geografía y Estadística |
| Designación de volumen o secuencia | junio 1942-1943 |
| 9 (RLIN) | 11532 |
| 500 ## - NOTA GENERAL | |
| Nota general | Título de cubierta: Estudios de geografía: ciclo de conferencias sustentadas en el ejercicio social 1942-1943 |
| 500 ## - NOTA GENERAL | |
| Nota general | Boletín inventariado por Banco de México como libro |
| 500 ## - NOTA GENERAL | |
| Nota general | CFG50 |
| 610 24 - PUNTO DE ACCESO ADICIONAL DE MATERIA--NOMBRE DE ENTIDAD CORPORATIVA | |
| Nombre de entidad corporativa o nombre de jurisdicción como elemento de entrada | Sociedad Mexicana de Geografía y Estadística |
| 9 (RLIN) | 7456 |
| 650 14 - PUNTO DE ACCESO ADICIONAL DE MATERIA--TÉRMINO DE MATERIA | |
| Término de materia o nombre geográfico como elemento de entrada | Geografía |
| Subdivisión general | Discursos, ensayos, conferencias |
| Subdivisión geográfica | México |
| 9 (RLIN) | 11533 |
| 650 14 - PUNTO DE ACCESO ADICIONAL DE MATERIA--TÉRMINO DE MATERIA | |
| Término de materia o nombre geográfico como elemento de entrada | Geografía |
| Subdivisión general | Sociedades |
| Subdivisión geográfica | México |
| 9 (RLIN) | 11534 |
| 700 1# - PUNTO DE ACCESO ADICIONAL--NOMBRE DE PERSONA | |
| Nombre de persona | Peña, Estanislao |
| Término indicativo de función/relación | prologo |
| 9 (RLIN) | 11535 |
| 902 ## - CATALOGADOR | |
| Iniciales | GFM |
| 942 ## - ELEMENTOS DE PUNTO DE ACCESO ADICIONAL (KOHA) | |
| Fuente del sistema de clasificación o colocación | Library of Congress Classification |
| Tipo de ítem Koha | Libros |
| Estado de retiro | Estado de pérdida | Estado dañado | No para préstamo | Localización permanente | Ubicación/localización actual | Fecha de adquisición | Número de inventario | Total de préstamos | Signatura topográfica completa | Código de barras | Fecha visto por última vez | Precio válido a partir de | Tipo de ítem Koha |
|---|---|---|---|---|---|---|---|---|---|---|---|---|---|
| El ejemplar forma parte de la colección y puede ser consultado según las políticas vigentes. | Biblioteca del Museo Franz Mayer (Rogerio Casas-Alatriste) | Biblioteca del Museo Franz Mayer (Rogerio Casas-Alatriste) | 23/09/2010 | CFG50 | G62 .E87 1943 (CFG50) | 4553 | 22/03/2019 | 22/03/2019 | Libros |